<?xml version="1.0" encoding="UTF-8"?>
<marc:record xmlns:marc="http://www.loc.gov/MARC21/slim">
   <marc:leader>00000nam a2200000 a 4500</marc:leader>
   <marc:datafield ind1="1" ind2=" " tag="100">
      <marc:subfield code="a">Webb, Holly</marc:subfield>
      <marc:subfield code="4">aut</marc:subfield>
      <marc:subfield code="e">Verfasser/-in</marc:subfield>
   </marc:datafield>
   <marc:datafield ind1="1" ind2=" " tag="100">
      <marc:subfield code="a">Mierswa, Stefanie</marc:subfield>
      <marc:subfield code="4">trl</marc:subfield>
      <marc:subfield code="e">Übersetzer/-in</marc:subfield>
   </marc:datafield>
   <marc:datafield ind1="1" ind2=" " tag="100">
      <marc:subfield code="a">Webb, Holly</marc:subfield>
   </marc:datafield>
   <marc:datafield ind1="0" ind2="0" tag="245">
      <marc:subfield code="a">Rose und die verschwundene Prinzessin</marc:subfield>
   </marc:datafield>
   <marc:datafield ind1="0" ind2="0" tag="245">
      <marc:subfield code="c">Holly Webb. Aus dem Engl. übers. von Stefanie Mierswa</marc:subfield>
   </marc:datafield>
   <marc:datafield ind1=" " ind2="1" tag="264">
      <marc:subfield code="a">München</marc:subfield>
      <marc:subfield code="b">ArsEd.</marc:subfield>
      <marc:subfield code="c">2011</marc:subfield>
   </marc:datafield>
   <marc:datafield ind1="1" ind2=" " tag="520">
      <marc:subfield code="a">Angaben aus der Verlagsmeldung

Rose und die verschwundene Prinzessin Bd. 2 / von Holly Webb

Klirrende Kälte herrscht im London des 19. Jahrhunderts.Mitten im Oktober versinkt die Welt in Schnee und Eis. Ist das Zauberei? Auch im Königspalast gehen merkwürdige Dinge vor sich: Die Prinzessin verschwindet und kehrt kurz darauf völlig verstört und ohne Erinnerung zurück.
Der Alchemist Mr. Fountain und seine Schülerin Rose vermuten schwarze Magie dahinter.
Rose soll mit ihren magischen Fähigkeiten die Prinzessin vor einer weiteren Entführung schützen. Doch kann das Waisenmädchen gegen den mächtigen Zauber bestehen, der mit Eiseskälte nicht nur die Prinzessin, sondern das gesamte Königreich bedroht?
</marc:subfield>
   </marc:datafield>
   <marc:datafield ind1=" " ind2=" " tag="020">
      <marc:subfield code="a">9783760753638</marc:subfield>
      <marc:subfield code="9">9783760753638</marc:subfield>
   </marc:datafield>
   <marc:datafield ind1=" " ind2=" " tag="041">
      <marc:subfield code="a">ger</marc:subfield>
   </marc:datafield>
   <marc:datafield ind1=" " ind2=" " tag="300">
      <marc:subfield code="a">334 S.</marc:subfield>
   </marc:datafield>
</marc:record>
